01880cam a22003734i 4500003000900000005001700009008004100026020002700067020003000094035002700124040006900151082001700220100002500237245010300262264004900365300003800414336002100452337002500473338002300498504004000521505083000561526001001391526001001401526001001411526001001421526000801431526000801439526000801447526000801455526000801463526000801471526000801479650001901487PE-LiUPU20250731172850.0150616s2015 miu rb 000 0 eng  a0310519632 (hardcover) a9780310519638 (hardcover) a(Sirsi) i9780310519638 aDLCbspaerdacDLCdYDXdBTCTAdBDXdOCLCFdYDXCPdDTMdPE-LiUPU00a251bK552231 aKim, Juliuseauthor.10aPreaching the whole counsel of God :bdesign and deliver gospel-centered sermons /cJulius J. Kim. 1aGrand Rapids, Michigan :bZondervan,c[2015] a239 páginas ;c24 centímetros atext2rdacontent aunmediated2rdamedia avolume2rdacarrier aBibliografía : páginas 224-239.0 aPart One: Discovering the truth of the text according to the human author. Praying, selecting, reading, and meditating ; Interpreting the text: linguistic, literary, life-setting analysis -- Part Two: Discerning Christ in the text according to the divine author. Why should we "preach Christ"? Because it's foundational, biblical, and practical ; Preaching Christ from the Old Testament ; Preaching Christ from the New Testament -- Part Three: Designing the sermon according to truth, goodness, and beauty. The blueprints of sermon design, part 1 -- The blueprints of sermon design, part 2 -- Part Four: Delivering the sermon for attention, retention, integration, and transformation. The influence of neuroscience on the design and delivery of the sermon ; Delivery: nonverbal communication ; Delivery: verbal communication. aSEG42 aSEG41 aSEG40 aSEG39 aP94 aP87 aP86 aP85 aP77 aP76 aP35 0aPredicación.